Quizzes
Events
Quiz Creation
Community
Videos
Private Events
Remove Ads
Sign In
Join for FREE
Feedback
Dark Mode
Quiz Categories
Sports
Geography
Music
Movies
Television
Just For Fun
Miscellaneous
History
Literature
Language
Science
Gaming
Entertainment
Religion
Holiday
For Kids
Quiz Lab
Recent
Popular Today
Quiz Kudos Today
Editor Picks
Curator Picks
Quizzes by...
Day
Popularity
Type
Ratings
Length
Year
Community
Subscriptions
Recent Discussions
Orange Saloon
Badges
Playlists
Quests
Create
Leaderboards
Showdown
Live 5
Trivia Bingo
Activity
Puzzle Library
Sporcle Events
Private Events
Virtual Trivia
Globe League
Become a Host
Pub Owners
SporcleCon
Opinionation
Our Games
Videos
Blog
Mobile Apps
Partnerships
Remove Ads and Go Orange
Feedback
Music
Pop Music
The Beatles
Song
Album
Lyrics
Bands
Singers
Artist
Clip
Rock
Rap
Classical
Billboard
Country Music
Kpop
Taylor Swift
Music
Pop Music
The Beatles
Song
Album
Lyrics
Bands
Singers
Artist
Clip
Rock
Rap
Classical
Billboard
Country Music
Kpop
Taylor Swift
Random Quiz
Search Sporcle
×
Quiz Lab
Quiz Lab
Music
Song
Type in answers that appear in a list
Type in answers that appear in a list
Classic
Best Score? Go Orange.
Guess the song and lyrics, Panic At The Disco Edition 3 Stats
Can you name the lyrics to this PATD song?
By
gianni10
10m
248 Questions
1,075 Plays
1,075 Plays
1,075 Plays
Comments
Comments
Give Quiz Kudos
Give Quiz Kudos
-
- Ratings
hide this ad
More Info
Replay
Link that replays current quiz
Next Quiz
Link to next quiz in quiz playlist
You Got
0%
They Got
Avg Score
51%
Avg Friend Score
Upgrade to see
Score Distribution
Jump to the score distribution portion of the page
Score
0/248
Timer
10:00
0
Plays Today
Lyrics
% Correct
I
96.2%
I
96.2%
the
94.7%
the
94.7%
the
94.7%
the
94.7%
The
94.7%
the
94.7%
the
94.7%
a
94.7%
and
94.7%
the
94.7%
And
94.7%
the
94.7%
the
94.7%
and
94.7%
the
94.7%
the
94.7%
a
94.7%
and
94.7%
and
94.7%
you
82.7%
you
82.7%
you
82.7%
you
82.7%
me
73.6%
me
73.6%
me
73.6%
me
73.6%
me
73.6%
me
73.6%
me
73.6%
me
73.6%
me
73.6%
me
73.6%
me
73.6%
me
73.6%
is
73.3%
is
73.3%
is
73.3%
is
73.3%
is
73.3%
is
73.3%
is
73.3%
it
71%
it
71%
it
71%
it
71%
on
66.6%
on
66.6%
on
66.6%
on
66.6%
she
66.1%
She
66.1%
your
66%
your
66%
your
66%
no
65.5%
no
65.5%
no
65.5%
no
65.5%
be
62.9%
be
62.9%
be
62.9%
be
62.9%
be
62.9%
be
62.9%
be
62.9%
be
62.9%
in
62.5%
in
62.5%
in
62.5%
Oh
61.8%
Oh
61.8%
to
60.7%
for
60.4%
You're
59.9%
You're
59.9%
When
59.2%
When
59.2%
this
57.2%
this
57.2%
This
57.2%
Lyrics
% Correct
This
57.2%
This
57.2%
Where
56.5%
where
56.5%
so
55.3%
Just
54.3%
just
54.3%
not
54.2%
Well
53.7%
Well
53.7%
at
53.5%
Have
52%
Have
52%
All
50.8%
All
50.8%
her
50%
will
48.3%
will
48.3%
will
48.3%
will
48.3%
will
48.3%
will
48.3%
will
48.3%
will
48.3%
she's
47.1%
say
47%
say
47%
say
47%
say
47%
now
45.7%
floor
45.3%
attention
45%
attention
45%
a-a-attention
45%
Give
44.5%
Give
44.5%
Give
44.5%
Give
44.5%
Give
44.5%
give
44.5%
Give
44.5%
Give
44.5%
Give
44.5%
Give
44.5%
Give
44.5%
Give
44.5%
Cause
44.1%
that's
43.8%
some
43.6%
some
43.6%
bleeding
43.3%
they
43.3%
get
43.2%
ballroom
43.1%
But
42.9%
But
42.9%
wedding
42.7%
wedding
42.7%
wedding
42.7%
wedding
42.7%
wedding
42.7%
wedding
42.7%
shotgun
42.4%
shotgun
42.4%
shotgun
42.4%
shotgun
42.4%
shotgun
42.4%
shotgun
42.4%
composure
41.7%
posture
41.7%
composure
41.7%
posture
41.7%
pulling
41.5%
trigger
41.5%
pulling
41.5%
trigger
41.5%
pulling
41.5%
trigger
41.5%
Boys
40.4%
boys
40.4%
Boys
40.4%
boys
40.4%
Boys
40.4%
Lyrics
% Correct
boys
40.4%
Boys
40.4%
boys
40.4%
Boys
40.4%
boys
40.4%
Boys
40.4%
boys
40.4%
boys
40.4%
boys
40.4%
Boys
40.4%
boys
40.4%
gonna
39.1%
wrong(x2)
38.6%
malice
38.6%
malice
38.6%
break
38.6%
wrong(x2)
38.6%
malice
38.6%
malice
38.6%
break
38.6%
baby
38.2%
baby
38.2%
baby
38.2%
baby
38.2%
walls
37.9%
walls
37.9%
sure
37.6%
ridiculously
36.5%
envy
36%
envy
36%
envy
36%
envy
36%
magazines
35.9%
bullet
35.7%
Fashion
35.1%
from
34.2%
line
34.1%
line
34.1%
setting
34%
Hiding
34%
Hiding
34%
Hiding
34%
Here's
33.8%
didn't
33.7%
odd
33.6%
Come
33.3%
Come
33.3%
Come
33.3%
holes
33%
make
33%
estrogen
33%
estrogen
33%
estrogen
33%
down
32.8%
wearing
32.7%
wearing
32.7%
dreams
32.3%
dreams
32.3%
choose
31.7%
screaming
31.7%
screaming
31.7%
screaming
31.7%
screaming
31.7%
photo
29.8%
photo
29.8%
op
29.6%
op....
29.6%
op
29.6%
right
29.3%
aubergine
29%
aubergine
29%
role
28.7%
cry
28.6%
cry
28.6%
feet
28%
play
27.6%
she'll
27.5%
blood
26.6%
tears
26%
believe
25.3%
sincere
24.3%
teeth
23.8%
Quiz Playlist
Details
Report
Send in Message
Add To Playlist
More Info:
A fever you can't sweat out
Classic:
Type in answers that appear in a list
Last Updated: Feb 16, 2017
Quiz Scoreboard
CHALLENGE
Sign Up to Join the Scoreboard
Show All
Scores
Hide
Comments
May contain spoilers
Recently Published
Popular People in 1961
by mucciniale
History
6m
1-10 Letter E Words III
by El_Dandy
Language
2m
One Thing in Common: World Cities II
by knightlancer
Geography
7m
More to Explore
Quiz From the Vault
Featured Blog Post
Where Did the Easter Bunny Come From?
hide this ad
You Might Also Like...
Tags
Song Quiz
disco
Edition
panic
patd
Today's Top Quizzes in Music
Browse Music
hide this ad
Today's Top Quizzes in Song
Browse Song
Top Contributed Quizzes in Music
1
Taylor Swift All Songs (2024)
2
2010s Album by Cover III
3
Taylor Swift Logic Puzzle
4
One Thing in Common: Music
5
Guess the Artist- 70s Songs
6
Guess the Taylor Swift song (Mystery Song)
7
2010s Album by Cover V
8
2010s Album by Cover IV
9
Lana Del Rey Discography (BTD to DYKTTATUOB)
10
KPOP LOGIC QUIZ
Explore More
Trending Topics
Kpop
Crossword
Marvel
Harry Potter
Anime
Disney
NBA
The Office
NFL
Country
WWE
Song
Soccer
Pokémon
Puzzle
hide this ad
More By:
gianni10
Quiz
Plays
Rating
Category
Featured
Created
Name that AFL player
5,527
2.50
Sports
Sep 11, 2014
Panic! At The Disco Songs By Image
5,234
2.73
Music
Nov 3, 2014
Ultimate Fall Out Boy Lyrics Quiz
4,603
4.63
Music
May 22, 2014
Ultimate Panic! At The Disco Lyrics Quiz
3,379
4.60
Music
Apr 30, 2014
Guess the song and lyrics, Panic At The Disco Edition 1
2,439
4.60
Music
Apr 21, 2014
Go to Creator's Profile
Score Distribution
Quiz Creator Spotlight
gianni10
Follow
Send a Message
Quizzes Created
-
Created Quiz Play Count
-
More By This Creator
Popular Quizzes Today
1
Find the US States - No Outlines Minefield
2
The Countries of the World
3
Find the Countries of Europe - No Outlines Minefield
4
Popular People in 1961
5
1-10 Letter E Words III
6
Find the US States
7
One Thing in Common: World Cities II
8
US States
More Music Quizzes
Ruined By A Letter: Songs (2010s) II
Published
Trending Quizzes
Risky Map Clicking: Least Populous States A-Z
1-10 Letter F Words
1-10 Letter G Words
One Thing in Common: United Kingdom
Risky Map Clicking: Next State Alphabetically
Recently Updated
Leaping Animals
pecheneg
Reality TV Shows (A-Z)
bhenderson79
Rickey Henderson's Hall of Fame Teammates
pecheneg
Champions League XIs: Arsenal
pecheneg
Quick Pick: Celebrities in WWE's Hall of Fame
aduchscher
A-Z Keypad Blitz II
pecheneg
Multiple Oscar Actors
pecheneg
Mystery Phrase Blitz: Oscar 'Best Actors'
pecheneg
F. Scott Fitzgerald Novels
LTH
Pick 3 Villains
ddd62291
Trending Topics
Anime
Crossword
Disney
Marvel
Kpop
Harry Potter
NBA
Puzzle
NFL
Country
WWE
Soccer
The Office
Song
Pokémon
Your Account Isn't Verified!
In order to create a playlist on Sporcle, you need to verify the email address you used during registration. Go to your
Sporcle Settings
to finish the process.
Report this User
Report this user for behavior that violates our
Community Guidelines
.
Details:
Send Report
Go to the Sporcle.com Mobile Site →
Comments